| 000 | 00446 a2200169 4500 | ||
|---|---|---|---|
| 003 | NUST | ||
| 005 | 20230313144005.0 | ||
| 020 | _a9695080057 | ||
| 040 | _cNust | ||
| 082 | _a891.4392,GUL | ||
| 100 |
_aGull, Rahim _9110187 |
||
| 245 |
_aJannat Ki Talash /جنت کی تلاش (Urdu) / _cRahim Gull |
||
| 260 |
_aLahore _bRabia House _c2003 |
||
| 300 | _a440:p. | ||
| 650 |
_aUrdu Literature _xUrdu Adab _9110085 |
||
| 942 |
_2ddc _cBK _k891.4392,GUL |
||
| 999 |
_c187979 _d187979 |
||